000 00560cam a2200181 4500500
005 20260405001312.0
041 _afre
042 _adc
100 1 0 _aDuru, Martin
_eauthor
245 0 0 _a« La monogamie, une exception chez les mammifères »
260 _c2012.
500 _a23
690 _aÉthologie
690 _aMonogamie
690 _aPolygamie
786 0 _nPhilosophie magazine | 61 | 7 | 2012-07-01 | p. 70-71 | 1951-1787
856 4 1 _uhttps://shs.cairn.info/magazine-philosophie-magazine-2012-7-page-70?lang=fr&redirect-ssocas=7080
999 _c2046146
_d2046146